Ballon D'or Winners all time - Statistics

General Stats
  • This quiz has been taken 74 times
  • The average score is 37 of 68
Answer Stats
Hint Answer % Correct
2017 Cristiano Ronaldo
100%
2016 Cristiano Ronaldo
100%
2014 Cristiano Ronaldo
100%
2013 Cristiano Ronaldo
100%
2008 Cristiano Ronaldo
100%
2023 Lionel Messi
100%
2021 Lionel Messi
100%
2019 Lionel Messi
100%
2015 Lionel Messi
100%
2012 Lionel Messi
100%
2011 Lionel Messi
100%
2010 Lionel Messi
100%
2009 Lionel Messi
100%
2002 Ronaldo
100%
1997 Ronaldo
100%
2018 Luka Modric
94%
2024 Rodri
94%
2022 Karim Benzema
92%
2005 Ronaldinho
83%
2007 Kaka
79%
1998 Zinedine Zidane
73%
1992 Marco Van Basten
71%
1989 Marco Van Basten
71%
1988 Marco Van Basten
71%
2001 Michael Owen
67%
1974 Johan Cruyff
65%
1973 Johan Cruyff
65%
1971 Johan Cruyff
65%
2003 Pavel Nedved
65%
1999 Rivaldo
65%
2004 Andriy Shevchenko
59%
1985 Michel Platini
56%
1984 Michel Platini
56%
1983 Michel Platini
56%
1959 Alfredo Di Stefano
49%
1995 George Weah
48%
2000 Luis Figo
48%
1966 Bobby Charlton
43%
1970 Gerd Muller
41%
1965 Eusebio
40%
1968 George Best
40%
1956 Stanley Matthews
40%
1963 Lev Yashin
38%
1990 Lothar Matthaus
38%
1993 Roberto Baggio
38%
1994 Hristo Stoichkov
35%
1976 Franz Beckenbauer
33%
1972 Franz Beckenbauer
33%
1960 Luis Suarez
33%
1979 Kevin Keegan
32%
1978 Kevin Keegan
32%
1996 Matthias Sammer
29%
1981 Karl-Heinz Rummenigge
27%
1980 Karl-Heinz Rummenigge
27%
1964 Denis Law
25%
1987 Ruud Gullit
22%
1991 Jean-Pierre Pappin
21%
1982 Paolo Rossi
21%
1958 Raymond Kopa
16%
1977 Allan Simonsen
10%
1986 Igor Belanov
10%
1975 Oleg Blokhin
10%
1967 Florian Albert
8%
1969 Gianni Rivera
6%
1961 Omar Sivori
6%
1962 Josef Masopust
5%
2006 Fabio Cannarvaro
2%
1957 Alfredo Dii Stefano
0%
No matching quizzes found
Score Distribution
Percent of People with Each Score
Percentile by Number Answered
Your Score History
You have not taken this quiz